000 00369nam a2200133Ia 4500
008 191014s9999 xx 000 0 und d
020 _a0-465-09087-7
082 _a530.11
_bWIL
100 _aClifford M.Will
_920315
245 0 _aWas Einstein Right? Putting General Relativity to the Test
260 _aUSA
_bHarper Collins
_c1986
300 _aXii,290
942 _cBK
999 _c530886
_d530886